[Event "Titled Tuesday intern op 02nd Apr Early"]
[Site "Chess.com INT"]
[Date "2024.04.02"]
[Round "8"]
[White "Chernomordik, Pavel"]
[Black "Khoroshev, Nikita"]
[Result "1/2-1/2"]
[WhiteElo "2168"]
[BlackElo "2353"]
[PlyCount "73"]
[EventDate "2024.04.02"]
[EventType "swiss (blitz)"]
[EventRounds "11"]
[EventCountry "USA"]
[SourceTitle "CB15_2024"]
[SourceDate "2024.04.10"]
[SourceVersion "1"]
[SourceVersionDate "2024.04.10"]
[SourceQuality "1"]

1. e4 e5 2. Nf3 Nc6 3. Bb5 a6 4. Ba4 Nf6 5. d3 b5 6. Bb3 Be7 7. a4 Bb7 8. 0-0 0-0 9. Nc3 b4 10. Nd5 Na5 11. Nxe7+ Qxe7 12. Ba2 Rab8 13. Bg5 c5 14. h3 b3 15. Bxb3 Nxb3 16. cxb3 Bc6 17. Nd2 h6 18. Be3 d5 19. f3 Rfc8 20. Rc1 Ba8 21. Re1 Nd7 22. exd5 Bxd5 23. Rc3 Qe6 24. Qc2 Qg6 25. Rc1 Be6 26. Kh2 Bf5 27. Ne4 Be6 28. Nxc5 Nxc5 29. Rxc5 Rxc5 30. Qxc5 Rxb3 31. Qxe5 Qxd3 32. Bd4 Qg6 33. Rc6 Rd3 34. Bc3 Rd5 35. Qg3 Rg5 36. Qf2 a5 37. Ra6 1/2-1/2

[Event "Titled Tuesday intern op 02nd Apr Early"]
[Site "Chess.com INT"]
[Date "2024.04.02"]
[Round "1"]
[White "Chernomordik, Pavel"]
[Black "Mikhalchenko, Petr"]
[Result "0-1"]
[WhiteElo "2168"]
[BlackElo "2322"]
[PlyCount "70"]
[EventDate "2024.04.02"]
[EventType "swiss (blitz)"]
[EventRounds "11"]
[EventCountry "USA"]
[SourceTitle "CB15_2024"]
[SourceDate "2024.04.10"]
[SourceVersion "1"]
[SourceVersionDate "2024.04.10"]
[SourceQuality "1"]

1. e4 e5 2. Nf3 Nc6 3. Bb5 a6 4. Ba4 d6 5. d3 Bd7 6. 0-0 Nge7 7. c4 h6 8. Nc3 Ng6 9. Be3 Be7 10. d4 Bg5 11. Qd2 Bxe3 12. fxe3 0-0 13. Nd5 Nxd4 14. Bxd7 Nxf3+ 15. Rxf3 Qxd7 16. Raf1 Rae8 17. Qf2 c6 18. Nc3 Qe6 19. b3 b5 20. h4 bxc4 21. h5 Nh8 22. Qg3 Kh7 23. Ne2 cxb3 24. axb3 Qxb3 25. Qh4 f5 26. exf5 Rf6 27. e4 Qb6+ 28. Kh1 Nf7 29. Rg3 Ng5 30. Ng1 d5 31. exd5 cxd5 32. Nf3 Ne4 33. Rg6 Qb5 34. Re1 Rxf5 35. Qg4 Nf2+ 0-1

[Event "Titled Tuesday intern op 02nd Apr Early"]
[Site "Chess.com INT"]
[Date "2024.04.02"]
[Round "7"]
[White "Gurevich, Dmitry"]
[Black "Chernomordik, Pavel"]
[Result "1-0"]
[WhiteElo "2357"]
[BlackElo "2168"]
[PlyCount "75"]
[EventDate "2024.04.02"]
[EventType "swiss (blitz)"]
[EventRounds "11"]
[EventCountry "USA"]
[SourceTitle "CB15_2024"]
[SourceDate "2024.04.10"]
[SourceVersion "1"]
[SourceVersionDate "2024.04.10"]
[SourceQuality "1"]

1. d4 g6 2. e4 Bg7 3. c3 d6 4. Nf3 Nf6 5. Bd3 c5 6. dxc5 dxc5 7. 0-0 0-0 8. h3 Nc6 9. Qe2 Qc7 10. Nbd2 Nh5 11. Nc4 Be6 12. a4 Nf4 13. Bxf4 Qxf4 14. Qe3 Qxe3 15. Nxe3 Na5 16. Nd5 Bxd5 17. exd5 c4 18. Bc2 Rfd8 19. Rad1 Rac8 20. Rfe1 Kf8 21. Ng5 h6 22. Ne4 f5 23. Ng3 Rc5 24. d6 Rxd6 25. Rxd6 exd6 26. Re6 Kf7 27. Rxd6 Rc7 28. h4 Nc6 29. h5 Be5 30. hxg6+ Kf8 31. Re6 Bxg3 32. fxg3 Ne7 33. Bxf5 Kg7 34. g4 Rd7 35. Re4 Rc7 36. Rd4 Kf6 37. Rd6+ Kg7 38. Kf2 1-0

[Event "Titled Tuesday intern op 02nd Apr Early"]
[Site "Chess.com INT"]
[Date "2024.04.02"]
[Round "3"]
[White "Spata, German"]
[Black "Chernomordik, Pavel"]
[Result "0-1"]
[WhiteElo "2419"]
[BlackElo "2168"]
[PlyCount "74"]
[EventDate "2024.04.02"]
[EventType "swiss (blitz)"]
[EventRounds "11"]
[EventCountry "USA"]
[SourceTitle "CB15_2024"]
[SourceDate "2024.04.10"]
[SourceVersion "1"]
[SourceVersionDate "2024.04.10"]
[SourceQuality "1"]

1. Nf3 g6 2. g3 Bg7 3. Bg2 e5 4. 0-0 Nc6 5. c4 d6 6. Nc3 Be6 7. d3 h6 8. Rb1 Qd7 9. Nd5 Nge7 10. Nxe7 Nxe7 11. Nd2 c6 12. b4 Bh3 13. b5 Bxg2 14. Kxg2 0-0 15. bxc6 Nxc6 16. Ba3 f5 17. Qb3 Rab8 18. Qb5 Kh7 19. Nb3 f4 20. f3 h5 21. Na5 Qc7 22. Bb4 Nd4 23. Qd5 Nf5 24. Bd2 b6 25. Nc6 Rbe8 26. Qb5 fxg3 27. hxg3 d5 28. cxd5 e4 29. Bf4 exf3+ 30. exf3 Ne3+ 31. Bxe3 Rxe3 32. Rbe1 Rfxf3 33. Rxf3 Rxe1 34. Qc4 Qd7 35. d4 Qg4 36. Ne5 Bxe5 37. dxe5 Qxc4 0-1

[Event "Titled Tuesday intern op 16th Jan Early"]
[Site "Chess.com INT"]
[Date "2024.01.16"]
[Round "5"]
[White "Chernomordik, Pavel"]
[Black "Fernandez Siles, Luis"]
[Result "0-1"]
[WhiteElo "2131"]
[BlackElo "2218"]
[PlyCount "100"]
[EventDate "2024.01.16"]
[EventType "swiss (blitz)"]
[EventRounds "11"]
[EventCountry "USA"]
[SourceTitle "CB04_2024"]
[SourceDate "2023.10.16"]
[SourceVersion "1"]
[SourceVersionDate "2023.10.16"]
[SourceQuality "1"]

1. e4 c5 2. Nc3 g6 3. f4 Bg7 4. Nf3 Nc6 5. Bb5 Nd4 6. Bc4 e6 7. e5 Ne7 8. Ne4 0-0 9. c3 Nxf3+ 10. Qxf3 d5 11. exd6 Nf5 12. Nxc5 Qxd6 13. Ne4 Qc7 14. b3 Nh4 15. Qe2 Qxf4 16. g3 Qf3 17. Rf1 Qxe2+ 18. Kxe2 Nf5 19. Ba3 Rd8 20. g4 Re8 21. Kd1 Nh6 22. Bb5 Rd8 23. Be7 Rd5 24. Bc4 Re5 25. Nf6+ Bxf6 26. Bxf6 Nxg4 27. Bxe5 Nxe5 28. Be2 Bd7 29. d4 Nc6 30. Bf3 Rd8 31. Kc2 b6 32. Rad1 Kg7 33. d5 exd5 34. Rxd5 Ne7 35. Rd2 Bf5+ 36. Kc1 Rc8 37. Kb2 Nc6 38. Bxc6 Rxc6 39. Re1 h5 40. Re7 a5 41. h4 Rf6 42. Rd4 Bg4 43. c4 g5 44. hxg5 Rf2+ 45. Ka3 Be6 46. Rd6 Kg6 47. Rxb6 h4 48. Re8 h3 49. Rh8 h2 50. c5 Kxg5 0-1

[Event "Titled Tuesday intern op 16th Jan Early"]
[Site "Chess.com INT"]
[Date "2024.01.16"]
[Round "11"]
[White "Chernomordik, Pavel"]
[Black "Omelja, Artem"]
[Result "0-1"]
[WhiteElo "2131"]
[BlackElo "2438"]
[PlyCount "90"]
[EventDate "2024.01.16"]
[EventType "swiss (blitz)"]
[EventRounds "11"]
[EventCountry "USA"]
[SourceTitle "CB04_2024"]
[SourceDate "2023.10.16"]
[SourceVersion "1"]
[SourceVersionDate "2023.10.16"]
[SourceQuality "1"]

1. e4 c5 2. Nc3 Nc6 3. Bb5 g6 4. Bxc6 bxc6 5. f4 Bg7 6. Nf3 d6 7. 0-0 Nh6 8. h3 f5 9. d3 0-0 10. Qe2 Rb8 11. e5 Nf7 12. e6 Nh6 13. Ng5 Ba6 14. Qf3 Qb6 15. Kh2 c4 16. Rd1 cxd3 17. cxd3 Bb7 18. Qg3 c5 19. Qh4 Bc6 20. Rd2 a5 21. Rc2 a4 22. Rb1 Qa5 23. Bd2 Qa8 24. Be3 a3 25. b3 Qa5 26. Bd2 Qc7 27. Qf2 Bf6 28. Kg1 Kg7 29. Be3 Ng8 30. d4 Qa5 31. Rbc1 h6 32. Nf7 c4 33. bxc4 Be8 34. d5 Bxf7 35. exf7 Rxf7 36. Bd4 Bxd4 37. Qxd4+ Nf6 38. Nb5 Kg8 39. Re2 Ne4 40. Nc3 Rb2 41. Rce1 Rxe2 42. Rxe2 Qxc3 43. Rxe4 Qc1+ 44. Kh2 fxe4 45. Qxe4 Qxf4+ 0-1

[Event "Titled Tuesday intern op 16th Jan Early"]
[Site "Chess.com INT"]
[Date "2024.01.16"]
[Round "3"]
[White "Glashausser, Sho"]
[Black "Chernomordik, Pavel"]
[Result "0-1"]
[WhiteElo "1973"]
[BlackElo "2131"]
[PlyCount "70"]
[EventDate "2024.01.16"]
[EventType "swiss (blitz)"]
[EventRounds "11"]
[EventCountry "USA"]
[SourceTitle "CB04_2024"]
[SourceDate "2023.10.16"]
[SourceVersion "1"]
[SourceVersionDate "2023.10.16"]
[SourceQuality "1"]

1. Nf3 g6 2. e4 Bg7 3. d4 d6 4. c3 Nf6 5. Bd3 c5 6. 0-0 Bg4 7. Nbd2 Nc6 8. h3 Bd7 9. d5 Nb8 10. a4 0-0 11. Re1 Na6 12. c4 Nb4 13. Bb1 Nh5 14. e5 Qc7 15. exd6 exd6 16. Ne4 Nf6 17. Ng3 Rfe8 18. Ra3 Rxe1+ 19. Qxe1 Re8 20. Qd1 h6 21. Re3 Qd8 22. b3 Bc8 23. Rxe8+ Qxe8 24. Bf4 Bf8 25. Qd2 Kh7 26. Kh2 Nd7 27. Ne4 Qd8 28. Nxd6 Bxd6 29. Bxd6 Qf6 30. Bg3 b6 31. Qe3 Qd8 32. Qf4 Kg7 33. Qd6 Qe8 34. Ne5 Nf6 35. f3 Nh5 0-1

[Event "Titled Tuesday intern op 09th Jan Early"]
[Site "Chess.com INT"]
[Date "2024.01.09"]
[Round "9"]
[White "Chernomordik, Pavel"]
[Black "Baziuk, Vladyslav"]
[Result "0-1"]
[WhiteElo "2131"]
[BlackElo "2211"]
[PlyCount "96"]
[EventDate "2024.01.09"]
[EventType "swiss (blitz)"]
[EventRounds "11"]
[EventCountry "USA"]
[SourceTitle "CB03_2024"]
[SourceDate "2024.01.17"]
[SourceVersion "1"]
[SourceVersionDate "2024.01.17"]
[SourceQuality "1"]

1. e4 c5 2. Nc3 Nc6 3. Bb5 Nd4 4. Bc4 e6 5. Nge2 Ne7 6. Nxd4 cxd4 7. Ne2 Nc6 8. d3 g6 9. a3 Bg7 10. f4 0-0 11. 0-0 Re8 12. Ng3 d5 13. Ba2 dxe4 14. dxe4 b6 15. Qf3 d3 16. cxd3 Nd4 17. Qf2 Ba6 18. Rd1 Rc8 19. Be3 Nc2 20. d4 Nxa1 21. Rxa1 Bc4 22. Bb1 Bb3 23. Bd3 Bc2 24. Bxc2 Qc7 25. Rc1 Qb7 26. e5 Rc4 27. Be4 Rxc1+ 28. Bxc1 Qc7 29. Be3 Rc8 30. h3 Bf8 31. Bf3 Be7 32. Ne4 Qc2 33. Nc3 Qxf2+ 34. Kxf2 Bxa3 35. bxa3 Rxc3 36. d5 exd5 37. Bxd5 Rxa3 38. g4 Rd3 39. Be4 Rb3 40. f5 gxf5 41. gxf5 a5 42. Bd5 Rb5 43. Bc4 Rxe5 44. Bxb6 Rxf5+ 45. Kg3 a4 46. Bd4 a3 47. Kg4 Ra5 48. Ba1 Ra4 0-1

[Event "Titled Tuesday intern op 09th Jan Early"]
[Site "Chess.com INT"]
[Date "2024.01.09"]
[Round "6"]
[White "Chernomordik, Pavel"]
[Black "Leiva Rodriguez, Jeammarco Giuseppe"]
[Result "0-1"]
[WhiteElo "2131"]
[BlackElo "2398"]
[PlyCount "68"]
[EventDate "2024.01.09"]
[EventType "swiss (blitz)"]
[EventRounds "11"]
[EventCountry "USA"]
[SourceTitle "CB03_2024"]
[SourceDate "2024.01.17"]
[SourceVersion "1"]
[SourceVersionDate "2024.01.17"]
[SourceQuality "1"]

1. e4 c6 2. Nc3 d5 3. Nf3 dxe4 4. Nxe4 Nf6 5. Qe2 Nxe4 6. Qxe4 Be6 7. b3 Nd7 8. Bb2 Nf6 9. Qf4 Nd5 10. Qe5 Qc7 11. Qd4 Rg8 12. 0-0-0 g6 13. Qh4 Bg7 14. Qxh7 Bxb2+ 15. Kxb2 0-0-0 16. Qh4 g5 17. Qg3 Nf4 18. d4 f6 19. Ne1 a5 20. Qc3 Qb6 21. g3 Nd5 22. Qd2 a4 23. c4 Nc7 24. c5 Qa7 25. Nc2 Bd5 26. Rg1 e5 27. Ne3 exd4 28. Qxd4 Bf3 29. Qxf6 Bxd1 30. Nxd1 Qxc5 31. Bc4 Rd2+ 32. Kc1 Rgd8 33. Nb2 b5 34. Nd3 R2xd3 0-1

[Event "Titled Tuesday intern op 12th Dec Early"]
[Site "Chess.com INT"]
[Date "2023.12.12"]
[Round "8"]
[White "Chernomordik, Pavel"]
[Black "Fernandez Siles, Luis"]
[Result "1-0"]
[WhiteElo "2131"]
[BlackElo "2218"]
[PlyCount "59"]
[EventDate "2023.12.12"]
[EventType "swiss (blitz)"]
[EventRounds "11"]
[EventCountry "USA"]
[SourceTitle "CB51_2023"]
[SourceDate "2023.12.20"]
[SourceVersion "1"]
[SourceVersionDate "2023.12.20"]
[SourceQuality "1"]

1. e4 c5 2. Nc3 Nc6 3. Bb5 Nd4 4. Bc4 g6 5. Nge2 Bg7 6. Nxd4 cxd4 7. Qf3 Nh6 8. Ne2 0-0 9. h3 e6 10. g4 f5 11. exf5 gxf5 12. Qg2 d5 13. Bb3 Kh8 14. d3 Ng8 15. g5 Bd7 16. h4 Bc6 17. Nf4 e5 18. Ne6 Qd6 19. Nxf8 Rxf8 20. h5 e4 21. Rh4 Be5 22. Bd2 b6 23. 0-0-0 a5 24. a3 Ne7 25. Rg1 Rg8 26. f4 Bg7 27. Qh3 a4 28. Bb4 Qd7 29. Ba2 Rf8 30. h6 1-0

[Event "Titled Tuesday intern op 12th Dec Early"]
[Site "Chess.com INT"]
[Date "2023.12.12"]
[Round "3"]
[White "Chernomordik, Pavel"]
[Black "Finek, Vaclav"]
[Result "0-1"]
[WhiteElo "2131"]
[BlackElo "2416"]
[PlyCount "84"]
[EventDate "2023.12.12"]
[EventType "swiss (blitz)"]
[EventRounds "11"]
[EventCountry "USA"]
[SourceTitle "CB51_2023"]
[SourceDate "2023.12.20"]
[SourceVersion "1"]
[SourceVersionDate "2023.12.20"]
[SourceQuality "1"]

1. e4 c5 2. Nc3 Nc6 3. Bb5 Nd4 4. Bc4 a6 5. a3 b5 6. Ba2 e6 7. Nge2 Bb7 8. d3 g6 9. Nxd4 cxd4 10. Ne2 Bg7 11. 0-0 Ne7 12. f4 0-0 13. Ng3 f5 14. Bd2 Kh8 15. Qe1 Rc8 16. Rc1 fxe4 17. dxe4 Qb6 18. Kh1 Rfe8 19. Qf2 d5 20. Rfe1 dxe4 21. Nxe4 Nf5 22. Ng5 Ne3 23. Rxe3 dxe3 24. Bxe3 Qc6 25. c3 h6 26. Nf3 Rf8 27. Qh4 Qe4 28. Re1 Qc2 29. Bb1 Qxb2 30. Bxg6 Bxf3 31. gxf3 Qxc3 32. f5 Qf6 33. Qh5 Qc3 34. Re2 Qd3 35. f4 Qe4+ 36. Kg1 exf5 37. Bf2 Rc1+ 38. Be1 Rxe1+ 39. Rxe1 Qxe1+ 40. Kg2 Qe4+ 41. Kg3 Qe3+ 42. Kg2 Qxf4 0-1

[Event "Titled Tuesday intern op 14th Nov Early"]
[Site "Chess.com INT"]
[Date "2023.11.14"]
[Round "2"]
[White "Chernomordik, Pavel"]
[Black "Daroczi, Donat"]
[Result "1-0"]
[WhiteElo "2131"]
[BlackElo "2124"]
[PlyCount "73"]
[EventDate "2023.11.14"]
[EventType "swiss (blitz)"]
[EventRounds "11"]
[EventCountry "USA"]
[SourceTitle "CB47_2023"]
[SourceDate "2023.11.22"]
[SourceVersion "1"]
[SourceVersionDate "2023.11.22"]
[SourceQuality "1"]

1. e4 Nc6 2. Nf3 d6 3. d4 g6 4. Nc3 Bg7 5. d5 Ne5 6. Nd4 c5 7. dxc6 Nxc6 8. Be3 Nf6 9. Be2 0-0 10. Qd2 d5 11. Nxc6 bxc6 12. e5 Ng4 13. Bxg4 Bxg4 14. f4 Qc7 15. h3 Be6 16. Na4 Rab8 17. Qc3 f6 18. Nc5 Bc8 19. Bd4 fxe5 20. Bxe5 Bxe5 21. fxe5 Rb5 22. 0-0-0 Rf5 23. Rde1 Qb6 24. Nd3 Be6 25. Rhf1 d4 26. Qa3 c5 27. b3 c4 28. Nf4 cxb3 29. axb3 Bxb3 30. cxb3 Rxb3 31. Qa2 g5 32. Nd5 Qc5+ 33. Kd2 Qxd5 34. Rxf5 Rd3+ 35. Kxd3 Qxa2 36. Rxg5+ Kf7 37. Re2 1-0

[Event "Titled Tuesday intern op 14th Nov Early"]
[Site "Chess.com INT"]
[Date "2023.11.14"]
[Round "10"]
[White "Chernomordik, Pavel"]
[Black "Mladenovic, Stefan"]
[Result "1/2-1/2"]
[WhiteElo "2131"]
[BlackElo "2359"]
[PlyCount "84"]
[EventDate "2023.11.14"]
[EventType "swiss (blitz)"]
[EventRounds "11"]
[EventCountry "USA"]
[SourceTitle "CB47_2023"]
[SourceDate "2023.11.22"]
[SourceVersion "1"]
[SourceVersionDate "2023.11.22"]
[SourceQuality "1"]

1. e4 c5 2. Nc3 Nc6 3. Bb5 Nd4 4. Bc4 g6 5. Nge2 Bg7 6. Nxd4 cxd4 7. Qf3 Nh6 8. Ne2 0-0 9. h3 Kh8 10. g4 e6 11. d3 Ng8 12. h4 f5 13. exf5 exf5 14. g5 Ne7 15. Nf4 d5 16. Nxd5 Nxd5 17. Bxd5 Qe7+ 18. Kf1 Be6 19. Bf4 Bxd5 20. Qxd5 Rad8 21. Qf3 Qb4 22. h5 Kg8 23. hxg6 hxg6 24. Kg2 Qxb2 25. Rab1 Qxa2 26. Rxb7 Qd5 27. Rxa7 Qxf3+ 28. Kxf3 Rc8 29. Rc1 Rf7 30. Ra6 Kh7 31. Rh1+ Kg8 32. Rxg6 Rxc2 33. Be5 Rc3 34. Kf4 Rxd3 35. Bxg7 Rxg7 36. Rxg7+ Kxg7 37. Kxf5 Rf3+ 38. Ke4 Rxf2 39. Kxd4 Kg6 40. Rg1 Rf5 41. Ke4 Rxg5 42. Rxg5+ Kxg5 1/2-1/2

[Event "Titled Tuesday intern op 14th Nov Early"]
[Site "Chess.com INT"]
[Date "2023.11.14"]
[Round "4"]
[White "Hua, Lefong"]
[Black "Chernomordik, Pavel"]
[Result "1-0"]
[WhiteElo "2305"]
[BlackElo "2131"]
[PlyCount "63"]
[EventDate "2023.11.14"]
[EventType "swiss (blitz)"]
[EventRounds "11"]
[EventCountry "USA"]
[SourceTitle "CB47_2023"]
[SourceDate "2023.11.22"]
[SourceVersion "1"]
[SourceVersionDate "2023.11.22"]
[SourceQuality "1"]

1. d4 g6 2. c4 Bg7 3. e4 Nc6 4. Ne2 e5 5. Be3 exd4 6. Nxd4 Qf6 7. Nxc6 dxc6 8. Nc3 Qe7 9. Qc2 Nf6 10. f3 Nh5 11. 0-0-0 Be6 12. g4 Nf6 13. Be2 Nd7 14. Nd5 cxd5 15. cxd5 Bxd5 16. Rxd5 Nb6 17. Bb5+ Kf8 18. Bc5 Nxd5 19. exd5 Bf6 20. Bxe7+ Bxe7 21. Qxc7 Bf6 22. Kb1 Kg7 23. Bd7 Rhf8 24. f4 Kg8 25. g5 Bg7 26. d6 Rad8 27. Rd1 a5 28. Bg4 a4 29. d7 b5 30. Re1 b4 31. Qxd8 Rxd8 32. Re8+ 1-0

[Event "Titled Tuesday intern op 14th Nov Early"]
[Site "Chess.com INT"]
[Date "2023.11.14"]
[Round "1"]
[White "Rustemov, Alexander"]
[Black "Chernomordik, Pavel"]
[Result "1-0"]
[WhiteElo "2525"]
[BlackElo "2131"]
[PlyCount "67"]
[EventDate "2023.11.14"]
[EventType "swiss (blitz)"]
[EventRounds "11"]
[EventCountry "USA"]
[SourceTitle "CB47_2023"]
[SourceDate "2023.11.22"]
[SourceVersion "1"]
[SourceVersionDate "2023.11.22"]
[SourceQuality "1"]

1. d4 g6 2. c4 Bg7 3. Nf3 d6 4. g3 Nf6 5. Bg2 0-0 6. Nc3 c6 7. 0-0 a6 8. e4 Nfd7 9. Be3 b5 10. c5 a5 11. a3 Bb7 12. Qc2 Na6 13. Rab1 dxc5 14. dxc5 Naxc5 15. Rfd1 Ne6 16. Nd4 Nxd4 17. Bxd4 Bxd4 18. Rxd4 e5 19. Rd2 Qe7 20. Rbd1 Nb6 21. Bf1 Rfd8 22. Na2 Rxd2 23. Qxd2 Qe6 24. Nc1 c5 25. f3 c4 26. Qd6 Na4 27. Qxe6 fxe6 28. b3 cxb3 29. Nxb3 Nc3 30. Rd7 Ba6 31. Nxa5 Bc8 32. Rd8+ Kf7 33. Nc6 Bb7 34. Rd7+ 1-0

[Event "Titled Tuesday intern op 26th Sep Early"]
[Site "Chess.com INT"]
[Date "2023.09.26"]
[Round "11"]
[White "Chernomordik, Pavel"]
[Black "Balint, Vilmos"]
[Result "1-0"]
[WhiteElo "2131"]
[BlackElo "2217"]
[PlyCount "99"]
[EventDate "2023.09.26"]
[EventType "swiss (blitz)"]
[EventRounds "11"]
[EventCountry "USA"]
[SourceTitle "EXT 2024"]
[Source "ChessBase"]
[SourceDate "2023.10.10"]
[SourceVersion "1"]
[SourceVersionDate "2023.10.10"]
[SourceQuality "1"]

1. e4 e6 2. Nc3 d5 3. d4 Bb4 4. Nge2 dxe4 5. a3 Bxc3+ 6. Nxc3 Nf6 7. Bg5 Nc6 8. Bb5 Bd7 9. Nxe4 a6 10. Be2 h6 11. Nxf6+ gxf6 12. Bh4 Rg8 13. Bf3 Qe7 14. Qd2 Rg6 15. 0-0-0 Qd6 16. d5 Ne5 17. Bh5 Rxg2 18. Bxf6 Ng4 19. Bxg4 Rxg4 20. Qxh6 Qf4+ 21. Qxf4 Rxf4 22. Be5 Rxf2 23. dxe6 Bxe6 24. h4 Rd8 25. Rxd8+ Kxd8 26. h5 Bf5 27. h6 Rxc2+ 28. Kd1 Rc5 29. Bf6+ Kd7 30. h7 Rd5+ 31. Ke2 Bxh7 32. Rxh7 Ke6 33. Bc3 Rg5 34. Rh6+ Kd5 35. Rf6 b5 36. Rxf7 c5 37. Kd3 Rg3+ 38. Kc2 Rg2+ 39. Kb3 Rg3 40. Ra7 Rg6 41. Rf7 Kc6 42. Rf6+ Rxf6 43. Bxf6 a5 44. Kc3 Kd5 45. Bd8 a4 46. Kd3 b4 47. axb4 cxb4 48. Be7 Kc6 49. Bxb4 Kb5 50. Kc3 1-0

[Event "Titled Tuesday intern op 26th Sep Early"]
[Site "Chess.com INT"]
[Date "2023.09.26"]
[Round "1"]
[White "Mahdavi, Reza"]
[Black "Chernomordik, Pavel"]
[Result "1-0"]
[WhiteElo "2302"]
[BlackElo "2131"]
[PlyCount "107"]
[EventDate "2023.09.26"]
[EventType "swiss (blitz)"]
[EventRounds "11"]
[EventCountry "USA"]
[SourceTitle "EXT 2024"]
[Source "ChessBase"]
[SourceDate "2023.10.10"]
[SourceVersion "1"]
[SourceVersionDate "2023.10.10"]
[SourceQuality "1"]

1. Nf3 g6 2. g3 Bg7 3. Bg2 e5 4. d3 Nc6 5. c4 d6 6. Nc3 h6 7. Rb1 Be6 8. 0-0 Qd7 9. Nd2 Nge7 10. b4 Bh3 11. b5 Nd8 12. Bh1 Bxf1 13. Qxf1 f5 14. a4 0-0 15. a5 a6 16. bxa6 Rxa6 17. Nb3 c6 18. Be3 Ne6 19. Bb6 e4 20. Na4 exd3 21. exd3 f4 22. Re1 Ng5 23. h4 fxg3 24. hxg5 gxf2+ 25. Bxf2 Rf4 26. Nb6 Qg4+ 27. Qg2 Nf5 28. Qxg4 Rxg4+ 29. Kf1 Bc3 30. Re8+ Kf7 31. Rb8 Bxa5 32. Rxb7+ Ke6 33. Nxa5 Rxa5 34. Bxc6 Ra1+ 35. Ke2 Rxg5 36. Bd5+ Ke5 37. Nd7+ Kf4 38. Rb2 Ng3+ 39. Kd2 Nf1+ 40. Kc3 Ne3 41. Bxe3+ Kxe3 42. Be4 Rgg1 43. Nf6 Rgc1+ 44. Kb3 Kd4 45. Ne8 Rc3+ 46. Kb4 Ra6 47. Nc7 Rca3 48. Nb5+ Ke5 49. Nxa3 Rb6+ 50. Nb5 h5 51. Bxg6 h4 52. Re2+ Kf4 53. Re4+ Kg5 54. Be8 1-0

[Event "Titled Tuesday intern op 19th Sep Early"]
[Site "Chess.com INT"]
[Date "2023.09.19"]
[Round "4"]
[White "Bashirli, Nail Qoshqar"]
[Black "Chernomordik, Pavel"]
[Result "1-0"]
[WhiteElo "2327"]
[BlackElo "2131"]
[PlyCount "101"]
[EventDate "2023.09.19"]
[EventType "swiss (blitz)"]
[EventRounds "11"]
[EventCountry "USA"]
[SourceTitle "EXT 2024"]
[Source "ChessBase"]
[SourceDate "2023.10.10"]
[SourceVersion "1"]
[SourceVersionDate "2023.10.10"]
[SourceQuality "1"]

1. e4 g6 2. d4 Bg7 3. Nf3 d6 4. Bc4 e6 5. Qe2 b6 6. h4 h6 7. Nc3 Bb7 8. Bf4 a6 9. 0-0-0 b5 10. Bb3 Nd7 11. h5 g5 12. Be3 Ne7 13. Kb1 Nb6 14. d5 e5 15. a4 b4 16. Na2 a5 17. Bxb6 cxb6 18. Bc4 0-0 19. g4 Rc8 20. Ba6 Qc7 21. Bxb7 Qxb7 22. Nc1 Qd7 23. Qe3 Qxg4 24. Rdg1 Qf4 25. Qxf4 exf4 26. Nd3 f5 27. Re1 fxe4 28. Rxe4 Nxd5 29. Rhe1 Kf7 30. Re6 Rcd8 31. Rg6 Nc7 32. Nh2 Rfe8 33. Rg1 Re6 34. Nxf4 Rxg6 35. hxg6+ Kf6 36. Ng4+ Kf5 37. Nh5 Kxg6 38. Ng3 h5 39. Ne3 Rf8 40. Ne4 g4 41. Nxd6 Rxf2 42. Nxg4 hxg4 43. Rxg4+ Kh7 44. Rh4+ Kg8 45. Nc4 Nd5 46. Rh5 Rf1+ 47. Ka2 Rd1 48. Rg5 Kf7 49. Rg2 Bd4 50. Re2 Kf6 51. Nd6 1-0

[Event "Titled Tuesday intern op 05th Sep Early"]
[Site "Chess.com INT"]
[Date "2023.09.05"]
[Round "3"]
[White "Chernomordik, Pavel"]
[Black "Amanov, Zhanibek"]
[Result "1-0"]
[WhiteElo "2131"]
[BlackElo "2283"]
[PlyCount "91"]
[EventDate "2023.09.05"]
[EventType "swiss (blitz)"]
[EventRounds "11"]
[EventCountry "USA"]
[SourceTitle "EXT 2024"]
[Source "ChessBase"]
[SourceDate "2023.10.10"]
[SourceVersion "1"]
[SourceVersionDate "2023.10.10"]
[SourceQuality "1"]

1. e4 c5 2. Nc3 e6 3. f4 d5 4. Nf3 dxe4 5. Bb5+ Bd7 6. Bxd7+ Qxd7 7. Ne5 Qd8 8. Nxe4 Nh6 9. Qe2 Nd7 10. d3 Be7 11. Bd2 Nf5 12. c3 Nxe5 13. fxe5 Qd5 14. Bf4 0-0-0 15. Rd1 g5 16. Nxg5 Bxg5 17. Bxg5 Rdg8 18. Bf6 Rxg2 19. Qe4 Rhg8 20. Rd2 Rxd2 21. Kxd2 Rg2+ 22. Kc1 Qxe4 23. dxe4 Ne3 24. Re1 Ng4 25. Rd1 Nxf6 26. exf6 Rxh2 27. Rg1 Rh6 28. e5 Rh5 29. Rg7 Rxe5 30. Rxh7 Rf5 31. Rxf7 e5 32. Kd2 Rf2+ 33. Ke3 Rxb2 34. Rf8+ Kd7 35. Ke4 Re2+ 36. Kd5 Rxa2 37. Rf7+ Ke8 38. Rxb7 e4 39. Ke6 Kd8 40. f7 Rf2 41. Rb8+ Kc7 42. f8Q Rxf8 43. Rxf8 e3 44. Rf1 a5 45. Kd5 a4 46. Kxc5 1-0

[Event "Titled Tuesday intern op 05th Sep Early"]
[Site "Chess.com INT"]
[Date "2023.09.05"]
[Round "9"]
[White "Chernomordik, Pavel"]
[Black "Sharshenbekov, Emir"]
[Result "0-1"]
[WhiteElo "2131"]
[BlackElo "1893"]
[PlyCount "134"]
[EventDate "2023.09.05"]
[EventType "swiss (blitz)"]
[EventRounds "11"]
[EventCountry "USA"]
[SourceTitle "EXT 2024"]
[Source "ChessBase"]
[SourceDate "2023.10.10"]
[SourceVersion "1"]
[SourceVersionDate "2023.10.10"]
[SourceQuality "1"]

1. e4 Nf6 2. Nc3 e5 3. Nf3 Nc6 4. d4 exd4 5. Nxd4 Bb4 6. Nxc6 bxc6 7. Bd3 d5 8. exd5 cxd5 9. 0-0 0-0 10. h3 h6 11. Qf3 c6 12. Bf4 Re8 13. a3 Bd6 14. Rad1 Bb7 15. Bf5 Qc7 16. Bxd6 Qxd6 17. Na4 Re5 18. b4 Ba6 19. Rfe1 Rae8 20. Rxe5 Qxe5 21. Bd3 Bxd3 22. cxd3 Qd4 23. Rc1 a5 24. Rxc6 axb4 25. Qd1 bxa3 26. Nc3 Ra8 27. Na2 Rb8 28. Nc1 Rb1 29. Rc2 Qa1 30. Kh2 a2 31. Qd2 Qe5+ 32. f4 a1Q 33. fxe5 Qxe5+ 34. g3 Nh5 35. Ne2 Rb6 36. d4 Qb8 37. Nf4 Nxf4 38. Qxf4 Qxf4 39. gxf4 g6 40. Kg3 Kg7 41. Rc5 Rd6 42. Kf3 Kf6 43. Kg4 h5+ 44. Kg3 Kf5 45. Kf3 f6 46. Rb5 g5 47. fxg5 fxg5 48. Rc5 g4+ 49. hxg4+ hxg4+ 50. Ke3 g3 51. Kf3 g2 52. Kxg2 Ke4 53. Kf2 Kxd4 54. Rc1 Re6 55. Rd1+ Kc4 56. Rc1+ Kb3 57. Rc8 d4 58. Rd8 Kc3 59. Rc8+ Kd2 60. Rd8 d3 61. Kf3 Kc2 62. Rc8+ Kd1 63. Rd8 d2 64. Kf2 Rf6+ 65. Ke3 Re6+ 66. Kf2 Re2+ 67. Kf3 Ke1 0-1